| 000 | 00657 a2200181 4500 | ||
|---|---|---|---|
| 020 | _a0072981423 | ||
| 020 | _a9780072981421 | ||
| 090 |
_c1289 _d1289 |
||
| 100 | 1 | _aSantrock, John W. | |
| 245 | 1 | 0 |
_aEducational psychology, 2nd revised edition : _bclassroom update preparing for praxis and Practice _cJohn W. Santrock. |
| 250 | _a2nd ed. | ||
| 260 |
_a[S.l.] : _bMcGraw-Hill, _c2006. |
||
| 300 | _a450 p. | ||
| 500 | _aPaperback. | ||
| 856 | 4 | 0 |
_3Amazon.com _uhttp://www.amazon.com/exec/obidos/ASIN/0072981423/chopaconline-20 |
| 856 | 4 | 0 |
_3Amazon customer reviews _uhttp://www.chopac.org/cgi-bin/tools/azrev.pl?q=0072981423 |
| 942 |
_aNBS _cBK _k370.15 SAN |
||
| 999 |
_c343813 _d343813 |
||